000 01852nam a2200229 a 4500
001 ASIN0754629155
005 20170105102911.0
008 131025s2012 xxu eng d
020 _a0754629155 (hardcover)
_c$300.00
020 _a9780754629153 (hardcover)
040 _a0
082 _a363.32509581
100 1 _aIqbal, Muzaffar.
245 1 0 _aStudies in the islam and science nexus /
_cMuzaffar Iqbal.
260 _a[S.l.] :
_bAshgate,
_c2012.
300 _a564 p. ;
_c25 cm.
490 1 _aIslam and science: historic and contemporary perspectives.
520 _aThis four volume series brings together the most important and influential articles dealing with various aspects of the relationship between Islam and science. The studies reflect historical, epistemological and philosophical issues and perspectives, and cover a wide spectrum of subject areas ranging from Islamic perspectives on cosmology and biological evolution to the relationship between the Qur'an and science, and contemporary issues in many fields where science and religion interact. The series sheds new light on historical links between modern science and the Islamic scientific tradition and also includes special studies on major voices in Islam and science discourse. Each volume in the series is thematically arranged, which makes clear the developments in various sub areas of the Islam and science nexus, and includes an introduction which presents an overview of the current status of research in the field. This series constitutes a comprehensive reference resource for libraries and academic researchers interested in all aspects of the Islam and science discourse.
830 0 _aIslam and science: historic and contemporary perspectives.
856 4 0 _3Amazon.com
_uhttp://www.amazon.com/exec/obidos/ASIN/0754629155/chopaconline-20
942 _2ddc
_cBK
999 _c15110
_d15110